000 00324nam a22001457a 4500
008 210429b ||||| |||| 00| 0 eng d
020 _a9780060469375
041 _aeng
080 _24th
_a330.101.541
082 _a330.101.541
100 _a52
101 _aMAK
245 _aMacroeconomics
_cWaud,R.N
942 _2udc
_cBK
999 _c56988
_d56988